Examining the possibility of the creation of a third gender: A comparative analysis between Kenya and selected Jurisdictions/ (Record no. 4287)
| 000 -LEADER | |
|---|---|
| fixed length control field | 00461nam a22001457a 4500 |
| 003 - CONTROL NUMBER IDENTIFIER | |
| control field | OSt |
| 005 - DATE AND TIME OF LATEST TRANSACTION | |
| control field | 20210803100208.0 |
| 008 - FIXED-LENGTH DATA ELEMENTS--GENERAL INFORMATION | |
| fixed length control field | 210803b |||||||| |||| 00| 0 eng d |
| 050 ## - LIBRARY OF CONGRESS CALL NUMBER | |
| Classification number | RUSC NE1326.5.Y68.M658 2020 |
| 100 ## - MAIN ENTRY--PERSONAL NAME | |
| Personal name | Molu, Kame |
| 245 ## - TITLE STATEMENT | |
| Title | Examining the possibility of the creation of a third gender: A comparative analysis between Kenya and selected Jurisdictions/ |
| Statement of responsibility, etc | Kame Molu |
| 260 ## - PUBLICATION, DISTRIBUTION, ETC. (IMPRINT) | |
| Place of publication, distribution, etc | Nairobi |
| Date of publication, distribution, etc | 2020 |
| 300 ## - PHYSICAL DESCRIPTION | |
| Extent | vii, 36 p: |
| 942 ## - ADDED ENTRY ELEMENTS (KOHA) | |
| Source of classification or shelving scheme | |
| Koha item type | Research Project |
| Withdrawn status | Lost status | Source of classification or shelving scheme | Damaged status | Not for loan | Home library | Current library | Shelving location | Date acquired | Total Checkouts | Full call number | Barcode | Date last seen | Price effective from | Koha item type |
|---|---|---|---|---|---|---|---|---|---|---|---|---|---|---|
| Riara University Library | Riara University Library | Special Collection | 03/08/2021 | RUSC NE1326.5.Y68.M658 2020 | 10483/21 | 03/08/2021 | 03/08/2021 | Research Project |
